Statistics for NBA Players Logo Quiz

Click here to take the quiz!

General Stats

  • This quiz has been taken 271 times
  • The average score is 9 of 20

Answer Stats

Answer % Correct
Kevin Durant
99%
Stephen Curry
98%
Kyrie Irving
95%
Lebron James
76%
Kawhi Leonard
69%
James Harden
59%
Paul George
56%
Giannis Antetokounmpo
54%
Derrick Rose
54%
Damian Lillard
52%
Russell Westbrook
40%
Klay Thompson
39%
Lonzo Ball
36%
Demarcus Cousins
19%
Dwight Howard
16%
Kevin Love
16%
Zach LaVine
11%
Victor Oladipo
10%
Luka Doncic
5%
Khris Middleton
4%

Score Distribution

Percentile by Number Answered

Percent of People with Each Score

Your Score History

You have not taken this quiz